|
|
|
|
| LEADER |
00000nam0a2200000 4500 |
| 001 |
110318 |
| 005 |
20231101214928.0 |
| 035 |
|
|
|a (RuTPU)RU\TPU\book\119142
|
| 090 |
|
|
|a 110318
|
| 100 |
|
|
|a 20070221d1971 m y0rusy50 ca
|
| 101 |
0 |
|
|a rus
|
| 102 |
|
|
|a RU
|
| 105 |
|
|
|a a z 001zy
|
| 200 |
1 |
|
|a Геология и разработка нефтяных месторождений
|e [сборник статей]
|f Государственный институт по проектированию и исследовательским работам в нефтяной промышленности "Гипровостокнефть" ; под ред. К. Б. Аширова
|
| 210 |
|
|
|a Москва
|c Недра
|d 1971
|
| 215 |
|
|
|a 248 с.
|c ил.
|
| 320 |
|
|
|a Библиография в конце статей
|
| 610 |
1 |
|
|a геология
|
| 610 |
1 |
|
|a разработка
|
| 610 |
1 |
|
|a нефтяные месторождения
|
| 610 |
1 |
|
|a сборники
|
| 610 |
1 |
|
|a нефтедобыча
|
| 675 |
|
|
|a 553.982
|v 3
|
| 675 |
|
|
|a 622.323
|v 3
|
| 702 |
|
1 |
|a Аширов
|b К. Б.
|g Кеамиль Бекирович
|4 340
|
| 712 |
0 |
2 |
|a Государственный институт по проектированию и исследовательским работам в нефтяной промышленности "Гипровостокнефть"
|2 stltpush
|3 (RuTPU)RU\TPU\col\12480
|9 25424
|
| 801 |
|
1 |
|a RU
|b 63413507
|c 20070221
|g PSBO
|
| 801 |
|
2 |
|a RU
|b 63413507
|c 20080708
|g PSBO
|
| 942 |
|
|
|c BK
|